[Event "American Cup Champ"]
[Site "Saint Louis USA"]
[Date "2023.03.26"]
[Round "4.4"]
[White "Nakamura,Hi"]
[Black "So,W"]
[Result "0-1"]
[WhiteTitle "GM"]
[BlackTitle "GM"]
[WhiteElo "2768"]
[BlackElo "2761"]
[WhiteFideId "2016192"]
[BlackFideId "5202213"]
[EventDate "2023.03.17"]

1. d4 Nf6 2. c4 e6 3. Nc3 Bb4 4. e3 O-O 5. Bd2 d5 6. Nf3 b6 7. cxd5 exd5 8. Bd3
Bd6 9. O-O Re8 10. a3 c5 11. Rc1 c4 12. Bb1 Bg4 13. h3 Bh5 14. Qa4 Nbd7 15. Nh4
a6 16. Qc2 Ne4 17. Nf5 Bf3 18. Ng3 Bxg3 19. fxg3 Bh5 20. Nxd5 Be2 21. Rf4 Ndc5
22. dxc5 Bd3 23. Qd1 Qxd5 24. Be1 Qxc5 25. Bxd3 Qxe3+ 26. Kh2 Qxd3 27. Qg4 Rad8
28. Bc3 Nxc3 29. Rxc3 Qg6 30. Qh4 b5 31. Rcf3 Rd7 32. Rg4 Qd6 33. Rf6 Re6 34.
Qg5 g6 35. Rgf4 Rxf6 36. Rxf6 Qe7 37. Qf4 Rd2 38. Rxg6+ hxg6 39. Qxd2 Qe5 40. h4
Kg7 41. Kh3 a5 42. g4 Qf6 43. h5 Qe5 44. h6+ Kh7 45. g5 b4 46. axb4 axb4 47.
Qxb4 Qe3+ 48. g3 Qe6+ 49. Kh4 Qe4+ 50. g4 Qg2 51. Qb8 Qf2+ 52. Kh3 Qe3+ 53. Kh4
Qf2+ 54. Qg3 Qxb2 55. Qf4 Kg8 56. h7+ Kh8 57. Kg3 Qc3+ 58. Kg2 Qb2+ 59. Kf3 Qb3+
60. Ke4 c3 61. Qd6 c2 62. Qc5 Kxh7 0-1

[Event "American Cup Champ"]
[Site "Saint Louis USA"]
[Date "2023.03.26"]
[Round "5.1"]
[White "Nakamura,Hi"]
[Black "So,W"]
[Result "1/2-1/2"]
[WhiteTitle "GM"]
[BlackTitle "GM"]
[WhiteElo "2768"]
[BlackElo "2761"]
[WhiteFideId "2016192"]
[BlackFideId "5202213"]
[EventDate "2023.03.17"]

1. Nf3 d5 2. e3 Nf6 3. c4 e6 4. b3 Be7 5. Bb2 O-O 6. Nc3 c5 7. cxd5 exd5 8. d4
Nc6 9. Be2 Ne4 10. dxc5 Bf6 11. Rc1 Qa5 12. Nd4 Nxc5 13. Nxc6 bxc6 14. O-O Ne4
15. Qc2 Bxc3 16. Bxc3 Nxc3 17. Qxc3 Qxa2 18. Bf3 Qa6 19. Qxc6 Qxc6 20. Rxc6 Be6
21. Rd1 Rab8 22. Rc7 Rxb3 23. Rxa7 Rfb8 24. Raa1 R3b5 25. h4 g6 26. Kh2 Kg7 27.
Kg3 Kf6 28. Ra6 R8b6 29. Rxb6 Rxb6 30. Bxd5 Bxd5 31. Rxd5 h5 32. Rd2 Rb4 33. f3
Ra4 34. e4 Ra1 35. Kf4 Rh1 36. g3 Rg1 37. e5+ Kg7 38. Rd7 Re1 39. Ra7 Re2 40.
Ra3 Re1 41. Ra5 Re2 42. Ra6 Re1 43. Ra4 Re2 44. Re4 Ra2 45. Re1 Ra4+ 46. Ke3
Ra3+ 47. Kf2 Kf8 48. Re3 Ra5 49. f4 Ke7 50. Rb3 Ra1 51. Rb7+ Ke6 52. Rb6+ Ke7
53. f5 Ra2+ 54. Kf3 Ra3+ 55. Kf4 Ra4+ 56. Kg5 Rg4+ 57. Kh6 gxf5 58. Rf6 Rxg3 59.
Rxf5 Ke6 60. Rf6+ Kxe5 61. Rxf7 Ke6 62. Ra7 Kf6 63. Kxh5 Rg8 64. Rh7 Rg2 65.
Rh6+ Kf7 66. Rg6 Rxg6 1/2-1/2

[Event "American Cup Champ"]
[Site "Saint Louis USA"]
[Date "2023.03.26"]
[Round "5.2"]
[White "So,W"]
[Black "Nakamura,Hi"]
[Result "1/2-1/2"]
[WhiteTitle "GM"]
[BlackTitle "GM"]
[WhiteElo "2761"]
[BlackElo "2768"]
[WhiteFideId "5202213"]
[BlackFideId "2016192"]
[EventDate "2023.03.17"]

1. e4 e5 2. Nf3 Nc6 3. Bb5 Nf6 4. O-O Nxe4 5. Re1 Nd6 6. Nxe5 Be7 7. Bf1 Nxe5 8.
Rxe5 O-O 9. Nc3 Ne8 10. Nd5 Bd6 11. Re2 Nf6 12. Nxf6+ Qxf6 13. d4 b6 14. Qd3 Bb7
15. Bd2 Rae8 16. Rae1 Re6 17. c4 Rfe8 18. Bc3 Qf4 19. g3 Qf3 20. Qxf3 Bxf3 21.
Rxe6 fxe6 22. d5 Bg4 23. Bd3 Re7 24. dxe6 Bxe6 25. Kg2 Bf7 26. b3 Rxe1 27. Bxe1
Be5 28. f4 Bb2 29. Be4 c6 30. Kf3 g6 31. g4 a5 32. a4 d5 33. cxd5 cxd5 34. Bc2
Ba3 35. Bc3 Bc5 36. Be5 Kf8 37. f5 gxf5 38. Bxf5 h6 39. Bf4 Kg7 40. Be5+ Kf8 41.
h4 d4 42. h5 Kg8 43. Bc2 d3 44. Bd1 Bd5+ 45. Kf4 Kh7 46. Bc3 Bg2 47. Bf3 Bf1 48.
Ke4 Kg8 49. Bd2 Kg7 50. Bc3+ Kg8 51. Bd2 Kg7 52. Bf4 Bf2 53. Be5+ Kf7 54. Bc3
Bc5 55. Be1 Kg8 56. Bd2 Kg7 1/2-1/2

[Event "American Cup Champ"]
[Site "Saint Louis USA"]
[Date "2023.03.26"]
[Round "5.3"]
[White "So,W"]
[Black "Nakamura,Hi"]
[Result "1/2-1/2"]
[WhiteTitle "GM"]
[BlackTitle "GM"]
[WhiteElo "2761"]
[BlackElo "2768"]
[WhiteFideId "5202213"]
[BlackFideId "2016192"]
[EventDate "2023.03.17"]

1. e4 e5 2. Nf3 Nc6 3. Bc4 Nf6 4. d3 Bc5 5. c3 d6 6. O-O a6 7. Re1 Ba7 8. a4 O-O
9. h3 h6 10. Nbd2 Re8 11. b4 Be6 12. Bxe6 Rxe6 13. Bb2 Ne7 14. Nf1 Ng6 15. Ng3
Nh7 16. d4 Ng5 17. Nxg5 Qxg5 18. Qg4 Rae8 19. Rad1 Qxg4 20. hxg4 exd4 21. cxd4
d5 22. Kf1 f6 23. f3 c6 24. exd5 cxd5 25. Rxe6 Rxe6 26. Rc1 Rc6 27. Nf5 Kf7 28.
b5 Rxc1+ 29. Bxc1 axb5 30. axb5 Nf8 31. Nd6+ Ke6 32. Nxb7 Bxd4 33. Ba3 Ng6 34.
Nd6 Bb2 35. Bb4 Bc3 36. Ba3 Bb2 37. Bc5 Bd4 38. Nb7 Bxc5 39. Nxc5+ Kd6 40. b6
Ne5 41. b7 Kc7 42. Kf2 d4 43. Ke2 g6 44. Kd2 h5 45. gxh5 gxh5 46. Ke2 Ng6 47.
Kf2 h4 48. Ne6+ Kxb7 49. Nxd4 Kc7 50. Ke3 Kd6 51. Ke4 Ke7 52. Kf5 Kf7 53. Kg4
Ne5+ 54. Kxh4 Kg6 55. Kg3 Nd3 56. Kg4 Ne5+ 57. Kf4 Nd3+ 58. Ke3 Ne5 59. Ke4 Nd7
60. Ne6 Nb6 61. Nf4+ Kg5 62. Ne6+ Kg6 63. Nf4+ Kg5 64. Nd5 Nd7 65. Ne3 Nc5+ 66.
Kd5 Nd3 67. g3 Kg6 68. f4 Nf2 69. Ke6 Ne4 70. Nf1 Nc5+ 71. Kd5 Nd7 72. Ne3 Nb6+
73. Ke6 Na4 74. Nd5 Nc5+ 75. Ke7 Ne4 76. g4 f5 77. g5 Nxg5 78. fxg5 f4 79. Nxf4+
Kxg5 1/2-1/2

[Event "American Cup Champ"]
[Site "Saint Louis USA"]
[Date "2023.03.26"]
[Round "5.4"]
[White "Nakamura,Hi"]
[Black "So,W"]
[Result "1-0"]
[WhiteTitle "GM"]
[BlackTitle "GM"]
[WhiteElo "2768"]
[BlackElo "2761"]
[WhiteFideId "2016192"]
[BlackFideId "5202213"]
[EventDate "2023.03.17"]

1. Nf3 d5 2. e3 Nf6 3. c4 e6 4. b3 Be7 5. Bb2 O-O 6. Nc3 c5 7. cxd5 exd5 8. Rc1
d4 9. Na4 dxe3 10. fxe3 b6 11. Be2 Nd5 12. O-O Nc6 13. Qe1 Bb7 14. Qg3 Bf6 15.
Bxf6 Nxf6 16. Nc3 Nb4 17. Ne5 Qxd2 18. Rfd1 Qb2 19. Nc4 1-0

[Event "American Cup Champ w"]
[Site "Saint Louis USA"]
[Date "2023.03.21"]
[Round "3.1"]
[White "Krush,I"]
[Black "Lee,Alice"]
[Result "1/2-1/2"]
[WhiteTitle "GM"]
[BlackTitle "FM"]
[WhiteElo "2432"]
[BlackElo "2362"]
[WhiteFideId "2012782"]
[BlackFideId "30941822"]
[EventDate "2023.03.17"]

1. c4 c6 2. e4 d5 3. exd5 cxd5 4. cxd5 Nf6 5. Nc3 g6 6. Bc4 Bg7 7. Nge2 O-O 8.
O-O Nbd7 9. d3 a6 10. a4 b6 11. h3 Bb7 12. d4 b5 13. axb5 Nb6 14. Bd3 axb5 15.
Rxa8 Qxa8 16. Bxb5 Nfxd5 17. Nxd5 Bxd5 18. Nf4 Bb7 19. Re1 e6 20. Bf1 Rd8 21.
Qb3 Bxd4 22. Be3 Bxe3 23. Qxe3 Nd5 24. Nxd5 Rxd5 25. b4 Bc6 26. g3 Rd7 27. b5
Bb7 28. Qe5 Qa3 29. Qb8+ Kg7 30. Qe5+ Kg8 31. Qb8+ Kg7 32. Qe5+ 1/2-1/2

[Event "American Cup Champ w"]
[Site "Saint Louis USA"]
[Date "2023.03.22"]
[Round "3.2"]
[White "Lee,Alice"]
[Black "Krush,I"]
[Result "1/2-1/2"]
[WhiteTitle "FM"]
[BlackTitle "GM"]
[WhiteElo "2362"]
[BlackElo "2432"]
[WhiteFideId "30941822"]
[BlackFideId "2012782"]
[EventDate "2023.03.17"]

1. d4 Nf6 2. c4 e6 3. Nf3 d5 4. Nc3 Bb4 5. Bg5 h6 6. Bxf6 Qxf6 7. Qa4+ Nc6 8. a3
Bxc3+ 9. bxc3 O-O 10. e3 dxc4 11. Bxc4 Bd7 12. O-O Rfd8 13. Qc2 Na5 14. Be2 c5
15. Ne5 Rac8 16. Qb2 Qe7 17. f4 Be8 18. Rac1 f6 19. Nc4 Nxc4 20. Bxc4 Kh8 21. e4
Bc6 22. e5 f5 23. Bb3 Bd5 24. Rcd1 Bxb3 25. Qxb3 Rd5 26. dxc5 Qxc5+ 27. Kh1 Rcd8
28. Rxd5 Qxd5 29. Qxd5 Rxd5 30. Kg1 Kg8 31. Rb1 b6 32. Rb4 Rc5 33. c4 g5 34. g3
Kf7 35. Kf2 gxf4 36. gxf4 Kg6 37. Kg3 Kh5 38. a4 Rc7 39. a5 bxa5 40. Ra4 Rb7 41.
Rxa5 Rb3+ 42. Kf2 Kg4 43. Ra6 Rb6 44. Ra4 Rb2+ 45. Ke3 Rb3+ 46. Kd4 Kxf4 47. c5
Rb7 48. Ra6 Re7 49. Rd6 a5 50. c6 a4 51. Rd7 Re8 52. Ra7 Rc8 53. c7 a3 54. Kc5
Kxe5 55. Kc6 f4 56. Rxa3 Kf5 57. Ra5+ Ke4 58. Kd6 f3 59. Re5+ Kd3 60. Rxe6 Rxc7
61. Kxc7 f2 62. Rf6 Ke2 63. Re6+ Kd3 64. Rf6 Ke2 65. Re6+ Kd3 66. Rf6 Ke2 67.
Re6+ 1/2-1/2

[Event "American Cup Champ w"]
[Site "Saint Louis USA"]
[Date "2023.03.22"]
[Round "3.3"]
[White "Lee,Alice"]
[Black "Krush,I"]
[Result "0-1"]
[WhiteTitle "FM"]
[BlackTitle "GM"]
[WhiteElo "2362"]
[BlackElo "2432"]
[WhiteFideId "30941822"]
[BlackFideId "2012782"]
[EventDate "2023.03.17"]

1. d4 d5 2. c4 dxc4 3. Nf3 Nf6 4. e3 e6 5. Bxc4 c5 6. O-O Nc6 7. dxc5 Qxd1 8.
Rxd1 Bxc5 9. a3 a6 10. b4 Ba7 11. Bb2 Ke7 12. Nbd2 Bd7 13. Nb3 Rhd8 14. Ne5 Nxe5
15. Bxe5 Ba4 16. Rdb1 Rac8 17. Bf1 Rc2 18. Nc5 Bc6 19. Rc1 Rxc1 20. Rxc1 Bxc5
21. bxc5 Ne8 22. f3 f6 23. Bc3 Nc7 24. Ba5 Rd7 25. e4 Bb5 26. Bxb5 Nxb5 27. c6
bxc6 28. Rxc6 Ra7 29. a4 Nd4 30. Bb4+ Kf7 31. Rd6 Nc2 32. Bc5 Rc7 33. Bb6 Rc4
34. Rd7+ Kg6 35. a5 e5 36. Ra7 Nb4 37. h4 h5 38. Bc7 Rc1+ 39. Kh2 Rc6 40. Bd8
Rc8 41. Bb6 Rc2 42. Kh3 Nd3 43. Rxa6 Nf4+ 44. Kh2 Nxg2 45. Ra8 Nxh4+ 46. Kg1
Nxf3+ 47. Kf1 Nd2+ 48. Ke1 Nxe4 49. a6 Nd6 50. Bf2 Nb5 51. Rb8 Ra2 52. Rxb5 Rxa6
53. Rb7 Ra4 54. Ke2 Rg4 55. Bc5 Kf5 56. Bf8 g5 57. Rb6 Rf4 58. Be7 Kg6 59. Bd6
Rf5 60. Rb7 g4 61. Bc5 h4 62. Bf8 Rf4 63. Rg7+ Kf5 64. Rh7 h3 65. Rh5+ Ke4 66.
Bc5 f5 67. Rh8 Rf3 68. Bd6 Rb3 69. Re8 Rb2+ 70. Kf1 h2 71. Rh8 g3 72. Bc5 g2+ 0-1

[Event "American Cup Champ w"]
[Site "Saint Louis USA"]
[Date "2023.03.23"]
[Round "3.4"]
[White "Krush,I"]
[Black "Lee,Alice"]
[Result "1-0"]
[WhiteTitle "GM"]
[BlackTitle "FM"]
[WhiteElo "2432"]
[BlackElo "2362"]
[WhiteFideId "2012782"]
[BlackFideId "30941822"]
[EventDate "2023.03.17"]

1. d4 d5 2. c4 e6 3. Nc3 Be7 4. cxd5 exd5 5. Bf4 Nf6 6. e3 Bd6 7. Qf3 c6 8. Bd3
O-O 9. h3 Na6 10. Nge2 Nc7 11. g4 Ne6 12. O-O-O b5 13. g5 Ne8 14. h4 b4 15. Na4
Qa5 16. b3 Bd7 17. Kb1 Nxf4 18. Nxf4 Nc7 19. Rc1 Nb5 20. Ne2 Rab8 21. h5 Nc3+
22. Naxc3 bxc3 23. Rxc3 Bb4 24. h6 f5 25. hxg7 Rf7 26. Rc2 Rxg7 27. Ng3 Bc3 28.
Rxc3 Qxc3 29. Bc2 Rf7 30. Nh5 Kf8 31. Nf6 Ke7 32. Qf4 Rb7 33. Qe5+ Kd8 34. g6
Re7 35. gxh7 Rxe5 36. dxe5 Kc7 37. h8=Q a5 38. Nxd7 a4 39. Qg7 a3 40. Nc5+ Kb6
41. Na4+ 1-0

[Event "American Cup Champ w"]
[Site "Saint Louis USA"]
[Date "2023.03.24"]
[Round "4.1"]
[White "Krush,I"]
[Black "Lee,Alice"]
[Result "1-0"]
[WhiteTitle "GM"]
[BlackTitle "FM"]
[WhiteElo "2432"]
[BlackElo "2362"]
[WhiteFideId "2012782"]
[BlackFideId "30941822"]
[EventDate "2023.03.17"]

1. c4 e5 2. Nc3 Nf6 3. Nf3 e4 4. Ng5 c6 5. Ngxe4 Nxe4 6. Nxe4 d5 7. cxd5 cxd5 8.
Ng3 h5 9. e3 h4 10. Bb5+ Nc6 11. Ne2 Bd6 12. O-O Qf6 13. f3 Bd7 14. d4 O-O-O 15.
Bd2 Bc7 16. Bd3 Qd6 17. f4 g5 18. Qb3 Rhg8 19. Kh1 g4 20. Rfc1 Qf6 21. Qxd5 g3
22. Qf3 Bg4 23. Qf1 Bxe2 24. Bxe2 h3 25. Bf3 hxg2+ 26. Bxg2 gxh2 27. Qf3 Rg6 28.
Rc2 Rdg8 29. Be1 Kb8 30. Rac1 Qf5 31. b4 Bd6 32. a4 f6 33. b5 Ba3 34. bxc6 Rxg2
35. Rxg2 Rxg2 36. c7+ Kc8 37. Qxg2 Bxc1 38. Qg8+ Kxc7 39. Qc4+ Kd7 40. Qxc1 Qh3
41. Bd2 Qf3+ 42. Kxh2 Qf2+ 43. Kh1 Qf3+ 44. Kg1 Qg3+ 45. Kf1 Qf3+ 46. Ke1 f5 47.
Qc4 Qg3+ 48. Kd1 1-0

[Event "American Cup Champ w"]
[Site "Saint Louis USA"]
[Date "2023.03.25"]
[Round "4.2"]
[White "Lee,Alice"]
[Black "Krush,I"]
[Result "1-0"]
[WhiteTitle "FM"]
[BlackTitle "GM"]
[WhiteElo "2362"]
[BlackElo "2432"]
[WhiteFideId "30941822"]
[BlackFideId "2012782"]
[EventDate "2023.03.17"]

1. d4 Nf6 2. c4 e6 3. Nf3 Bb4+ 4. Bd2 Bxd2+ 5. Qxd2 d5 6. cxd5 exd5 7. Nc3 Bf5
8. e3 O-O 9. Bd3 Bxd3 10. Qxd3 c6 11. O-O a5 12. Na4 Ne4 13. Rac1 Nd7 14. Nc5
Ndxc5 15. dxc5 Qe7 16. Nd4 a4 17. f3 Nxc5 18. Qa3 b6 19. Nxc6 Qf6 20. Nb4 Rad8
21. Rfd1 d4 22. e4 Rd6 23. Nd5 Qg5 24. Nxb6 Nxe4 25. Nc8 d3 26. fxe4 Rd7 27. Qc5
Qd8 28. Nb6 Rd4 29. Nd5 Rxe4 30. Rxd3 Rfe8 31. Rdd1 Qh4 32. Qf2 Qxf2+ 33. Kxf2
Re2+ 34. Kf3 Rxb2 35. Re1 Rd8 36. Re2 Rb5 37. Ne7+ Kf8 38. Rc8 Rxc8 39. Nxc8
Rf5+ 40. Ke4 g6 41. Nd6 Rf1 42. Kd4 f5 43. Nc4 Kg7 44. Kd3 f4 45. Ke4 Kf6 46.
Nd2 Rh1 47. Nf3 g5 48. Re1 1-0

[Event "American Cup Champ w"]
[Site "Saint Louis USA"]
[Date "2023.03.25"]
[Round "4.3"]
[White "Lee,Alice"]
[Black "Krush,I"]
[Result "0-1"]
[WhiteTitle "FM"]
[BlackTitle "GM"]
[WhiteElo "2362"]
[BlackElo "2432"]
[WhiteFideId "30941822"]
[BlackFideId "2012782"]
[EventDate "2023.03.17"]

1. d4 Nf6 2. c4 e6 3. Nf3 Bb4+ 4. Bd2 Bxd2+ 5. Qxd2 d5 6. Nc3 O-O 7. e3 a6 8.
cxd5 exd5 9. Bd3 Nc6 10. Rc1 Re8 11. O-O Bg4 12. Ne1 Qd6 13. f3 Bh5 14. f4 Ng4
15. Nc2 Bg6 16. Be2 Bxc2 17. Bxg4 Be4 18. f5 f6 19. Rf4 Re7 20. Nxe4 dxe4 21.
Bd1 Nb4 22. Bb3+ Kh8 23. Rh4 Nd3 24. Rf1 c5 25. dxc5 Qxc5 26. Qe2 h6 27. Be6 Qe5
28. b3 Nc5 29. Qc2 Rd8 30. b4 Nxe6 31. Rxe4 Qd6 32. fxe6 Rxe6 33. Rd4 Qe7 34.
Qc5 Red6 35. Rxd6 Qxd6 36. Qxd6 Rxd6 37. Rc1 Rd2 38. a4 Rb2 39. Rc4 b5 40. Rc8+
Kh7 41. a5 Rxb4 42. Rc6 Ra4 43. Rxa6 Ra2 44. Ra8 Kg6 45. a6 h5 46. Rb8 Rxa6 47.
Rxb5 Ra2 48. Kf1 Rc2 49. e4 Rc4 50. e5 Rf4+ 51. Kg1 Rf5 52. Rb6 Rxe5 53. Rb7 h4
54. Kf2 Rf5+ 55. Ke3 h3 56. gxh3 Rh5 57. Kf3 Rxh3+ 58. Kg2 Rc3 59. Kf2 Kh6 60.
Rf7 Rc5 61. Kg3 f5 62. Kf4 g6 63. h4 Rc3 64. Rf8 Rh3 65. h5 Rh4+ 66. Ke5 Kxh5
67. Rg8 Ra4 68. Kf6 Ra6+ 69. Ke5 Kg4 70. Rf8 Ra5+ 71. Kf6 f4 72. Kxg6 f3 0-1

[Event "American Cup Champ w"]
[Site "Saint Louis USA"]
[Date "2023.03.26"]
[Round "4.4"]
[White "Krush,I"]
[Black "Lee,Alice"]
[Result "1/2-1/2"]
[WhiteTitle "GM"]
[BlackTitle "FM"]
[WhiteElo "2432"]
[BlackElo "2362"]
[WhiteFideId "2012782"]
[BlackFideId "30941822"]
[EventDate "2023.03.17"]

1. d4 g6 2. c4 Bg7 3. e4 c5 4. d5 d6 5. Nc3 e5 6. Bd3 Ne7 7. h3 O-O 8. g4 f5 9.
gxf5 gxf5 10. Nf3 f4 11. Bd2 Ng6 12. Qe2 Nh4 13. O-O-O Nd7 14. Rdg1 Nxf3 15.
Qxf3 Rf7 16. Be2 a6 17. Qg2 Nf8 18. Bh5 Re7 19. Qg5 Bd7 20. f3 Be8 21. Be1 Bxh5
22. Qxh5 Qe8 23. Qg4 Rc7 24. Rg2 b5 25. Rhg1 Kh8 26. h4 b4 27. Nd1 Qa4 28. b3
Qd7 29. Qh5 Qe8 30. Qf5 Rf7 31. Qh5 Re7 32. Qxe8 Raxe8 33. h5 Nd7 34. Bh4 Rf7
35. Nf2 Bf6 36. Bxf6+ Nxf6 37. Rg5 Rg8 38. h6 Rff8 39. Kd2 Rxg5 40. Rxg5 Rg8 41.
Rxg8+ Kxg8 42. Nh3 Kf7 43. Ng5+ Kg6 44. Ne6 Kxh6 45. Nc7 a5 46. Nb5 Ne8 47. Na7
Kg5 48. Ke2 Kh4 49. Kf2 h5 50. Kg2 Kg5 51. Nc6 Kf6 52. Nxa5 Ke7 53. Nc6+ Kd7 54.
Kh3 Ng7 55. Kh4 Ke8 56. Kg5 Kd7 57. Nb8+ Kc7 58. Nc6 Kd7 59. Nb8+ Kc8 60. Nc6
Kc7 61. Ne7 Kd7 62. Nf5 Ne8 63. Kxh5 Nc7 64. Kg5 Ne8 65. Nh6 Nc7 66. Nf5 Ne8 67.
Nh6 Nc7 68. Nf5 Ne8 69. Nh6 1/2-1/2